000 00397nam a2200133Ia 4500
008 231017s9999 xx 000 0 und d
082 _a388.362
082 _bHOW
245 0 _aPoverty and Urban Transport in East Africa: Review of Research and Dutch Donor Experience
245 0 _cJohn Howe with Deborah Bryceson
260 _bJohn Howe with Deborah Bryceson
300 _c30cm
942 _cREP
999 _c604114
_d604114